Flood Control & Drainage Engineering (Record no. 30181)

MARC details
000 -LEADER
fixed length control field 00339nam a22001457a 4500
003 - CONTROL NUMBER IDENTIFIER
control field OSt
005 - DATE AND TIME OF LATEST TRANSACTION
control field 20220214135201.0
008 - FIXED-LENGTH DATA ELEMENTS--GENERAL INFORMATION
fixed length control field 220214b |||||||| |||| 00| 0 eng d
020 ## - INTERNATIONAL STANDARD BOOK NUMBER
International Standard Book Number 9780415398909
040 ## - CATALOGING SOURCE
Transcribing agency HU
082 ## - DEWEY DECIMAL CLASSIFICATION NUMBER
Edition number 3rd
Classification number 627.5
100 ## - MAIN ENTRY--PERSONAL NAME
Personal name Ghosh
9 (RLIN) 539
245 ## - TITLE STATEMENT
Title Flood Control & Drainage Engineering
942 ## - ADDED ENTRY ELEMENTS (KOHA)
Source of classification or shelving scheme Dewey Decimal Classification
Koha item type Books like text book referance book
Suppress in OPAC No
Holdings
Withdrawn status Lost status Source of classification or shelving scheme Damaged status Not for loan Home library Current library Shelving location Date acquired Total Checkouts Full call number Barcode Date last seen Copy number Price effective from Koha item type
    Dewey Decimal Classification     IoT Library IoT Library General Stacks 02/14/2022   627.5/GHO/2006 IOTL0012308 02/14/2022 1 02/14/2022 Books like text book referance book
    Dewey Decimal Classification     IoT Library IoT Library General Stacks 02/14/2022   627.5/GHO/2006 IOTL0012309 02/14/2022 2 02/14/2022 Books like text book referance book
    Dewey Decimal Classification     IoT Library IoT Library General Stacks 02/14/2022   627.5/GHO/2006 IOTL0012310 02/14/2022 3 02/14/2022 Books like text book referance book
    Dewey Decimal Classification     IoT Library IoT Library General Stacks 02/14/2022   627.5/GHO/2006 IOTL0012311 02/14/2022 4 02/14/2022 Books like text book referance book
    Dewey Decimal Classification     IoT Library IoT Library General Stacks 02/14/2022   627.5/GHO/2006 IOTL0012312 02/14/2022 5 02/14/2022 Books like text book referance book
    Dewey Decimal Classification     IoT Library IoT Library General Stacks 02/14/2022   627.5/GHO/2006 IOTL0012313 02/14/2022 6 02/14/2022 Books like text book referance book
    Dewey Decimal Classification     IoT Library IoT Library General Stacks 02/14/2022   627.5/GHO/2006 IOTL0012314 02/14/2022 7 02/14/2022 Books like text book referance book
    Dewey Decimal Classification     IoT Library IoT Library General Stacks 02/14/2022   627.5/GHO/2006 IOTL0012315 02/14/2022 8 02/14/2022 Books like text book referance book
    Dewey Decimal Classification     IoT Library IoT Library General Stacks 02/14/2022   627.5/GHO/2006 IOTL0012316 02/14/2022 9 02/14/2022 Books like text book referance book
    Dewey Decimal Classification     IoT Library IoT Library General Stacks 03/17/2022   627.5/GHO/2006 IOTL0017563 03/17/2022 10 03/17/2022 Books like text book referance book